[Event "Chesterfield SPICE Cup op"]
[Site "Chesterfield"]
[Date "2023.12.17"]
[Round "1"]
[White "Sheehan, Ethan"]
[Black "Cavanah, Troy"]
[Result "1-0"]
[WhiteElo "2339"]
[BlackElo "1950"]
[PlyCount "71"]
[EventDate "2023.12.17"]
[EventType "swiss"]
[EventRounds "9"]
[EventCountry "USA"]
[SourceTitle "CB52_2023"]
[SourceDate "2023.12.27"]
[SourceVersion "1"]
[SourceVersionDate "2023.12.27"]
[SourceQuality "1"]

1. Nf3 d5 2. d4 Nf6 3. c4 e6 4. g3 Bb4+ 5. Bd2 Be7 6. Bg2 0-0 7. 0-0 c6 8. Qc2 Nbd7 9. Bf4 b6 10. Nbd2 Nh5 11. Be3 Nhf6 12. Bg5 Bb7 13. Rad1 Rc8 14. e4 Nxe4 15. Bxe7 Qxe7 16. Nxe4 dxe4 17. Qxe4 Ba6 18. Ne5 Nxe5 19. dxe5 Rfd8 20. b3 Bb7 21. Bf3 Ba8 22. Qf4 c5 23. Bxa8 Rxa8 24. Rd6 Rxd6 25. exd6 Qf6 26. Qe4 Rd8 27. Rd1 Rd7 28. Qc6 Qd8 29. a3 a5 30. b4 cxb4 31. axb4 a4 32. c5 bxc5 33. bxc5 Ra7 34. d7 Kf8 35. Qd6+ Kg8 36. Qb8 1-0

[Event "Fort Lauderdale 1000 GM IM 11"]
[Site "Fort Lauderdale"]
[Date "2023.11.03"]
[Round "3"]
[White "Cruz Mendez, Jean Marcos"]
[Black "Sheehan, Ethan"]
[Result "0-1"]
[WhiteElo "2279"]
[BlackElo "2322"]
[PlyCount "86"]
[EventDate "2023.11.02"]
[EventType "tourn"]
[EventRounds "9"]
[EventCountry "USA"]
[SourceTitle "CB46_2023"]
[SourceDate "2023.11.15"]
[SourceVersion "1"]
[SourceVersionDate "2023.11.15"]
[SourceQuality "1"]

1. e4 c5 2. Nf3 d6 3. d4 cxd4 4. Nxd4 Nf6 5. Nc3 a6 6. Be2 e5 7. Nb3 Be7 8. Be3 Be6 9. Nd5 Nbd7 10. Qd3 Bxd5 11. exd5 Rc8 12. c4 0-0 13. g4 e4 14. Qd4 Ne5 15. Rg1 Rxc4 16. Qd1 Nd3+ 17. Bxd3 exd3 18. Qxd3 Rxg4 19. 0-0-0 Qc7+ 20. Kb1 Rc8 21. Qf5 Rxg1 22. Rxg1 Qd7 23. Nd4 g6 24. Bh6 Bf8 25. Bxf8 Qxf5+ 26. Nxf5 Kxf8 27. Nxd6 Rc7 28. f3 Nxd5 29. Rd1 Ne3 30. Rd3 Nf1 31. h3 Ng3 32. a4 Rd7 33. Kc2 Ne2 34. Ne4 Rc7+ 35. Kd2 Nf4 36. Rd6 Nxh3 37. b4 Ke7 38. Rb6 Nf4 39. Nc5 Nd5 40. Rxb7 Rxb7 41. Nxb7 Nxb4 42. Kc3 Nc6 43. Nc5 Nb8 0-1

[Event "Charlotte Super op"]
[Site "Charlotte"]
[Date "2023.07.09"]
[Round "1"]
[White "Sheehan, Ethan"]
[Black "Quesada Perez, Yasser"]
[Result "0-1"]
[WhiteElo "2280"]
[BlackElo "2591"]
[PlyCount "94"]
[EventDate "2023.07.09"]
[EventType "swiss"]
[EventRounds "9"]
[EventCountry "USA"]
[SourceTitle "CBM 215 Extra"]
[Source "ChessBase"]
[SourceDate "2023.09.30"]
[SourceVersion "1"]
[SourceVersionDate "2023.09.30"]
[SourceQuality "1"]

1. Nf3 d5 2. d4 Nf6 3. c4 e6 4. Nc3 dxc4 5. e3 a6 6. a4 c5 7. Bxc4 Nc6 8. 0-0 cxd4 9. exd4 Nb4 10. Bg5 Be7 11. Qb3 0-0 12. Bxf6 gxf6 13. Rfd1 Bd6 14. Ne4 a5 15. Ne5 Be7 16. Qe3 fxe5 17. dxe5 Nd5 18. Qh6 f5 19. Nc3 Bg5 20. Qh5 Nf4 21. Rxd8 Nxh5 22. Rxc8 Raxc8 23. Bxe6+ Kg7 24. Bxc8 Rxc8 25. Rd1 Rd8 26. Rxd8 Bxd8 27. Nb5 Be7 28. g3 Kf7 29. f4 Ng7 30. Kf2 Bc5+ 31. Kf3 Ne6 32. g4 Kg6 33. h3 h5 34. Kg3 Bb4 35. Kf3 Bf8 36. b3 Bc5 37. Kg3 Ng7 38. Kf3 Kf7 39. Nc7 Ne6 40. Nb5 Kg6 41. Kg3 h4+ 42. Kf3 Nd4+ 43. Nxd4 Bxd4 44. Kg2 Bb2 45. Kf3 Bc1 46. e6 Ba3 47. g5 Bc1 0-1

[Event "Chicago op 31st"]
[Site "Chicago"]
[Date "2022.05.26"]
[Round "1"]
[White "Sheehan, Ethan"]
[Black "Finegold, Benjamin"]
[Result "1/2-1/2"]
[WhiteElo "2075"]
[BlackElo "2424"]
[PlyCount "37"]
[EventDate "2022.05.26"]
[EventType "swiss"]
[EventRounds "9"]
[EventCountry "USA"]
[SourceTitle "CBM 208 Extra"]
[Source "ChessBase"]
[SourceDate "2022.07.31"]
[SourceVersion "1"]
[SourceVersionDate "2022.07.31"]
[SourceQuality "1"]

1. d4 d5 2. c4 Nc6 3. Nc3 e5 4. cxd5 Nxd4 5. e3 Nf5 6. Nf3 Bd6 7. Bb5+ Bd7 8. Bxd7+ Qxd7 9. e4 Nfe7 10. 0-0 Ng6 11. Qb3 b6 12. a4 a6 13. Be3 Nf6 14. h3 0-0 15. Rac1 h6 16. Rfd1 Nh5 17. Ne2 f5 18. exf5 Rxf5 19. Nd2 1/2-1/2

[Event "North American op 30th"]
[Site "ICC INT"]
[Date "2020.12.29"]
[Round "8"]
[White "Kavi, Nithin"]
[Black "Sheehan, Ethan"]
[Result "1-0"]
[WhiteElo "2132"]
[BlackElo "1845"]
[PlyCount "87"]
[EventDate "2020.12.26"]
[EventType "swiss"]
[EventRounds "8"]
[EventCountry "USA"]
[SourceTitle "CBM 200 Extra"]
[Source "ChessBase"]
[SourceDate "2021.03.31"]
[SourceVersion "1"]
[SourceVersionDate "2021.03.31"]
[SourceQuality "1"]

1. Nf3 Nf6 2. c4 c5 3. Nc3 Nc6 4. g3 g6 5. Bg2 Bg7 6. d4 cxd4 7. Nxd4 0-0 8. 0-0 a6 9. c5 Qc7 10. Nb3 b6 11. Bf4 Qa7 12. Na4 bxc5 13. Naxc5 a5 14. Rc1 Nb4 15. Na4 d6 16. Bxa8 Qxa8 17. Nb6 Qa6 18. Nxc8 Rxc8 19. Rxc8+ Qxc8 20. a3 Nbd5 21. Bg5 a4 22. Nd2 Nb6 23. Nf3 Ne4 24. Be3 Nc4 25. Qd3 Nxe3 26. Qxe3 Qb7 27. Rc1 Nc5 28. Nd2 Bf6 29. Rb1 Qd5 30. b4 axb3 31. Nxb3 Bg5 32. Qf3 Qxf3 33. exf3 Na4 34. Nd4 Bf6 35. Nc6 d5 36. Rb4 Nc3 37. a4 d4 38. a5 d3 39. Rb8+ Kg7 40. Rd8 Ne2+ 41. Kf1 Nd4 42. Rxd4 Bxd4 43. Nxd4 d2 44. Ke2 1-0

[Event "North American op 30th"]
[Site "ICC INT"]
[Date "2020.12.27"]
[Round "3"]
[White "Sheehan, Ethan"]
[Black "Rajanish, Adhvaith"]
[Result "1-0"]
[WhiteElo "1845"]
[BlackElo "1850"]
[PlyCount "161"]
[EventDate "2020.12.26"]
[EventType "swiss"]
[EventRounds "8"]
[EventCountry "USA"]
[SourceTitle "CBM 200 Extra"]
[Source "ChessBase"]
[SourceDate "2021.03.31"]
[SourceVersion "1"]
[SourceVersionDate "2021.03.31"]
[SourceQuality "1"]

1. c4 e6 2. Nc3 Bb4 3. d4 Nf6 4. Qc2 c5 5. dxc5 0-0 6. a3 Bxc5 7. Nf3 b6 8. e3 Bb7 9. Bd3 Nc6 10. 0-0 Rc8 11. b4 Be7 12. Bb2 h6 13. Rfd1 a6 14. Qe2 Qc7 15. Rac1 a5 16. b5 Nb8 17. Na4 d6 18. h3 Nbd7 19. e4 Rfd8 20. Qe3 e5 21. Nh4 Nxe4 22. Bxe4 Bxh4 23. Bxb7 Qxb7 24. Qe2 Nc5 25. Nxc5 Rxc5 26. a4 Be7 27. Ba3 Rc7 28. Rd5 Bf8 29. Qd3 Rcd7 30. Rd1 Qc7 31. c5 bxc5 32. Bxc5 Qb7 33. Qd2 Rc8 34. Be3 Rdc7 35. Qxa5 Rc4 36. Ba7 Re4 37. f3 Rf4 38. b6 Rcc4 39. Ra1 g6 40. Rdd1 Rc5 41. Qe1 e4 42. Qe3 Rcf5 43. fxe4 Rxe4 44. Qd3 Ra5 45. Qc2 Rxa7 46. bxa7 Qxa7+ 47. Kh1 Re5 48. Qb3 Ra5 49. Rd5 Rxd5 50. Qxd5 Bg7 51. Ra2 Be5 52. Qf3 Qa5 53. g3 h5 54. Kg2 d5 55. Re2 d4 56. Qe4 Bg7 57. Qe8+ Kh7 58. Qb5 Qa8+ 59. Kh2 Qf3 60. Rg2 Qe3 61. Qe2 Qa3 62. Qa2 Qe7 63. h4 Be5 64. Kh1 f5 65. Qd5 f4 66. Re2 fxg3 67. Qxe5 Qxh4+ 68. Kg1 d3 69. Qe7+ Qxe7 70. Rxe7+ Kh6 71. Rd7 Kg5 72. Rxd3 Kh4 73. Kg2 g5 74. Rxg3 g4 75. Rc3 g3 76. Rc4+ Kg5 77. Kxg3 Kf5 78. a5 h4+ 79. Kxh4 Ke5 80. a6 Kd5 81. Rc1 1-0

[Event "USA National op 51st"]
[Site "ICC INT"]
[Date "2020.11.28"]
[Round "5"]
[White "Sheehan, Ethan"]
[Black "Pomerantz, Daniel"]
[Result "1-0"]
[WhiteElo "1845"]
[BlackElo "1997"]
[PlyCount "83"]
[EventDate "2020.11.27"]
[EventType "swiss"]
[EventRounds "9"]
[EventCountry "USA"]
[SourceTitle "CBM 199 Extra"]
[Source "ChessBase"]
[SourceDate "2021.01.31"]
[SourceVersion "1"]
[SourceVersionDate "2021.01.31"]
[SourceQuality "1"]

1. d4 Nf6 2. c4 e6 3. Nc3 Bb4 4. Qc2 Nc6 5. Nf3 d6 6. e4 0-0 7. Bd3 e5 8. d5 Nb8 9. a3 Bxc3+ 10. Qxc3 a5 11. b4 axb4 12. axb4 Rxa1 13. Qxa1 Nbd7 14. 0-0 Re8 15. Nd2 Nh5 16. Re1 Nf4 17. Bf1 Nf8 18. c5 N8g6 19. Qa3 Rf8 20. Nc4 dxc5 21. bxc5 Qh4 22. Qg3 Qh5 23. f3 Bd7 24. Bb2 f6 25. Ra1 Nh4 26. Ne3 Qh6 27. Bc1 f5 28. Bc4 fxe4 29. fxe4 Kh8 30. Kh1 Qh5 31. Bb2 h6 32. Bc3 Rf6 33. Ra8+ Kh7 34. d6 Ne6 35. Qxe5 Qg6 36. Qg3 Qxe4 37. Bxf6 Qb1+ 38. Bf1 Nf5 39. Qf3 Nxe3 40. Ra1 Qb3 41. Qe4+ Kg8 42. Qg6 1-0

[Event "USA National op 51st"]
[Site "ICC INT"]
[Date "2020.11.27"]
[Round "1"]
[White "Sheehan, Ethan"]
[Black "Vakhidov, Jahongir"]
[Result "0-1"]
[WhiteElo "1845"]
[BlackElo "2533"]
[PlyCount "134"]
[EventDate "2020.11.27"]
[EventType "swiss"]
[EventRounds "9"]
[EventCountry "USA"]
[SourceTitle "CBM 199 Extra"]
[Source "ChessBase"]
[SourceDate "2021.01.31"]
[SourceVersion "1"]
[SourceVersionDate "2021.01.31"]
[SourceQuality "1"]

1. d4 Nf6 2. c4 g6 3. Nc3 Bg7 4. e4 d6 5. Be2 0-0 6. Nf3 c5 7. 0-0 cxd4 8. Nxd4 Nc6 9. Be3 Bd7 10. Qd2 Nxd4 11. Bxd4 Bc6 12. f3 a5 13. b3 Nd7 14. Rfd1 Nc5 15. Bxg7 Kxg7 16. Qd4+ f6 17. Rab1 Qb6 18. a3 Nd7 19. Qxb6 Nxb6 20. Rbc1 f5 21. exf5 gxf5 22. f4 Rfc8 23. Bd3 Kf6 24. Kf2 Be8 25. a4 Bc6 26. Ne2 Nd7 27. Nd4 e6 28. Bc2 Nc5 29. Nb5 d5 30. Rd4 dxc4 31. Rxc4 b6 32. Nd4 Bb7 33. g3 Rd8 34. Ke3 Ba6 35. Rc3 Rd6 36. Rd1 Rad8 37. Rd2 Bb7 38. Rc4 Bd5 39. Nb5 R6d7 40. Rcd4 Na6 41. Nc3 Nb4 42. Nxd5+ exd5 43. Kf2 Re8 44. Bd1 Re4 45. Bf3 Rxd4 46. Rxd4 Rc7 47. Ke2 Ke6 48. g4 fxg4 49. Bxg4+ Kd6 50. Bf5 h6 51. Bg6 Ke7 52. f5 Rc2+ 53. Rd2 Rc3 54. Kf2 Kf6 55. Kg2 Nd3 56. Kf3 Rxb3 57. Ke3 Nb4+ 58. Kf4 Ra3 59. Kg4 Rxa4 60. Rd4 Ra3 61. h4 Rb3 62. Rd1 Nd3 63. Kh5 a4 64. Kxh6 a3 65. Rd2 Rc3 66. Re2 Ne5 67. Rd2 Rc5 0-1